Aplicación del proceso enfermero: fomentar el cuidado en colaboración

Gardado en:
Detalles Bibliográficos
Autor Principal: Alfaro-LeFevre, Rosalinda (Author)
Formato: Libro
Idioma:Lingua castelá
Publicado: Barcelona Elsevier España 2003
Edición:5a. ed
Subjects:
Tags: Engadir etiqueta
Sen Etiquetas, Sexa o primeiro en etiquetar este rexistro!

MARC

LEADER 00000cam a2200000 a 4500
001 UCD3473
003 CL-VaPUC
008 160609e20030000sp |||||||||||||||||spa|d
020 |a 9788445812082 
082 0 4 |a 610.73  |b ALF  |2 21 
100 0 |a Alfaro-LeFevre, Rosalinda  |e author  |9 586978 
245 1 0 |a Aplicación del proceso enfermero: fomentar el cuidado en colaboración 
250 |a 5a. ed 
300 |a 274 p 
942 |c BK 
945 |d 20160609 22:21:00  |a cmena 
260 |a Barcelona  |b Elsevier España  |c 2003 
650 7 |a ENFERMERIA  |2 CL-VaPUC  |9 358289 
650 0 |a Formación profesional   |9 257232 
650 0 |a Diagnóstico clínico   |9 419858 
650 0 |a Diagnóstico médico  |9 306819 
583 |a last modification  |c 20160609 22:21:00  |k Rodrigo Vera 
999 |c 364509  |d 364507